000 00910cab a22002415a 4500
001 L159956
008 150113e2016 xxk 000 0 eng d
035 _a(Sirsi) u159956
041 0 _aeng
050 _a333.72 $2 18
100 1 _aStewart, Liz
245 0 0 _aAdding fuel to the fire?
_h[electronic resource]
260 _aLondon
_bRICS
_c2016
490 _aRICS Building Surveying Journal
_vDecember 2016 - January 2017, 9(1)
520 _aContrasts the requirements of recent English and Scottish energy performance legislation.
650 2 4 _aENERGY EFFICIENCY STANDARDS
650 2 4 _aENERGY PERFORMANCE OF NON-DOMESTIC BUILDINGS (SCOTLAND) REGULATIONS 2016
650 2 4 _aEnergy
_96237
651 4 _aUnited Kingdom
_y
690 _aSustainability
_96271
856 4 0 _uhttps://issuu.com/ricsmodus/docs/building_surveying_journal_december_b0f4c271a0302a
_yAvailable free online via Issuu
942 _n0
999 _c85079
_d85079